000 01476nam0a2200361 4500
001 RU\NLR\bibl\908413
005 20260406130123.0
010 _a5-94238-004-X
_925000
021 _aRU
_b2005-79866
_93946
035 _a(nilc)RSL-KNO-002788530
035 _a(NLR Aleph) 000896775
090 _a1752511
_c1752511
100 _a20051205d2005 |||y0rusy50 ca
101 0 _arus
102 _aRU
105 _aa |||||||||
106 _ar
200 1 _aКазаки
_aКавказский пленник
_aХаджи-Мурат
_fЛ. Н. Толстой
_g[вступ. ст. А. В. Гулина
_gил. худож. Е. Лансере]
210 _aМ.
_cИздат. дом Синергия
_cМоск. учеб.
_d2005
_gАО Моск. учеб. и Картолитография
215 _a411, [2] с.
_cил., портр.
_d21
225 1 _aНовая школьная библиотека
_fавт. проекта и гл. ред. Э.А. Бессмертных, д.чл. Акад. пед. и социал. наук
610 0 _aДетская литература
686 _aШ9(2)6=Р52-40
_2rubbk
686 _aШ9(2)62=Р5-4
700 1 _4070
_8rus
_7ca
_aТолстой
_bЛ. Н.
_f1828-1910
_gЛев Николаевич
_3RU\NLR\auth\771515
_9111537
801 0 _aRU
_bRuMoRKP
_c20051205
_grcr
801 1 _aRU
_bРГБ
_c20051205
801 2 _aRU
_bNLR
_c20060217
_grcr
942 _cBOOK
980 _aNB